[Event "Chigorin Memorial 2018"]
[Site "St. Petersburg"]
[Date "2018.10.28"]
[Round "2.106"]
[White "Zabolotnov, Evgeny"]
[Black "Semenova, Anastasia"]
[Result "1-0"]
[WhiteElo "2064"]
[BlackElo "1769"]
[PlyCount "53"]
[EventDate "2018.10.27"]
[EventType "swiss"]
[EventCountry "RUS"]
[WhiteTeam "Russland"]
[BlackTeam "Russland"]
[WhiteTeamCountry "RUS"]
[BlackTeamCountry "RUS"]

1. d4 Nf6 2. c4 e6 3. Nf3 d5 4. Nc3 dxc4 5. e4 Bb4 6. Bxc4 Nxe4 7. O-O Nxc3 8. bxc3 Be7 9. Qe2 O-O 10. Bd3 Nd7 11. Qe4 g6 12. Bh6 Re8 13. Rad1 Rb8 14. Rfe1 b6 15. Ne5 Nxe5 16. dxe5 Bb7 17. Qg4 Qc8 18. h4 f5 19. exf6 Bxf6 20. Bxg6 Kh8 21. Bxe8 Qxe8 22. Rxe6 Qf7 23. Qf5 Rg8 24. Qxf6+ Qxf6 25. Rxf6 Rxg2+ 26. Kf1 Ba6+ 27. Kxg2 1-0

[Event "Chigorin Memorial 2018"]
[Site "St. Petersburg"]
[Date "2018.10.28"]
[Round "2.107"]
[White "Loktionov, Kirill"]
[Black "Aseev, Vladimir"]
[Result "1/2-1/2"]
[WhiteElo "1776"]
[BlackElo "2063"]
[PlyCount "140"]
[EventDate "2018.10.27"]
[EventType "swiss"]
[EventCountry "RUS"]
[WhiteTeam "Russland"]
[BlackTeam "Russland"]
[WhiteTeamCountry "RUS"]
[BlackTeamCountry "RUS"]

1. d4 d6 2. c4 Nf6 3. Nc3 Nbd7 4. e4 e5 5. d5 Nc5 6. f3 a5 7. Be3 Be7 8. a3 Nh5 9. Nge2 O-O 10. g3 Bg5 11. Bxc5 dxc5 12. Qd3 g6 13. Bg2 Bh6 14. O-O f5 15. f4 exf4 16. Nxf4 Nxf4 17. gxf4 fxe4 18. Qxe4 Qh4 19. Qe1 Qf6 20. Qe5 Bxf4 21. Qxf6 Rxf6 22. Rae1 g5 23. Re8+ Rf8 24. Rxf8+ Kxf8 25. Ne2 Ra6 26. Nxf4 gxf4 27. Rxf4+ Kg7 28. Re4 Kf7 29. Rf4+ Rf6 30. Re4 Bf5 31. Re3 Rb6 32. Bh3 Bc2 33. Rf3+ Rf6 34. Re3 Rf4 35. b3 a4 36. bxa4 Bxa4 37. Be6+ Kf6 38. Rh3 Bc2 39. Re3 Bg6 40. Re1 Bd3 41. Bc8 Bxc4 42. Bxb7 Bb3 43. Re6+ Kg7 44. Rc6 c4 45. Rxc7+ Kf6 46. d6 Rd4 47. d7 Ke7 48. Bc8 Kd8 49. Rc5 Rd1+ 50. Kf2 Rd2+ 51. Kg3 Rd3+ 52. Kf4 c3 53. Ba6 Rd4+ 54. Ke3 Rd6 55. Rxc3 Ba4 56. Bc8 Rh6 57. Rc4 Rh3+ 58. Kf2 Bxd7 59. Bxd7 Kxd7 60. Kg2 Rxa3 61. Rh4 Ra2+ 62. Kg3 Ra3+ 63. Kf2 Ra2+ 64. Ke3 Ra3+ 65. Kd2 Ra2+ 66. Kc3 Ke6 67. Rxh7 Kf6 68. Kd4 Re2 69. Kd3 Re1 70. Rh3 Kg5 1/2-1/2

[Event "Chigorin Memorial 2018"]
[Site "St. Petersburg"]
[Date "2018.10.28"]
[Round "2.108"]
[White "Kharlamov, Igor"]
[Black "Sorokin, Artem"]
[Result "1/2-1/2"]
[WhiteElo "2063"]
[BlackElo "1701"]
[PlyCount "81"]
[EventDate "2018.10.27"]
[EventType "swiss"]
[EventCountry "RUS"]
[WhiteTeam "Israel"]
[BlackTeam "Russland"]
[WhiteTeamCountry "ISR"]
[BlackTeamCountry "RUS"]

1. d4 d5 2. c4 c6 3. Nf3 dxc4 4. a4 Nf6 5. Nc3 e6 6. e3 c5 7. Bxc4 cxd4 8. exd4 Be7 9. O-O O-O 10. Bg5 Nbd7 11. a5 a6 12. Bd3 b6 13. Bc2 Bb7 14. Qd3 bxa5 15. Rfe1 Re8 16. Ba4 Nc5 17. Qe2 Nxa4 18. Rxa4 h6 19. Be3 Nd5 20. Bd2 Nb4 21. Be3 Rc8 22. Ne5 Bf6 23. Qh5 Bxe5 24. dxe5 Rc4 25. Rd1 Qc7 26. Rd6 Rd8 27. Qd1 Rxd6 28. Qxd6 Nd5 29. Qxc7 Rxc7 30. Nxd5 Bxd5 31. Rxa5 Bc4 32. Bc5 Bb5 33. b4 Rc8 34. Ra1 Rd8 35. Bd6 Rc8 36. Rd1 Rc3 37. h4 Rc4 38. g3 h5 39. Re1 Kh7 40. Bf8 Kg8 41. Be7 1/2-1/2

[Event "Chigorin Memorial 2018"]
[Site "St. Petersburg"]
[Date "2018.10.28"]
[Round "2.109"]
[White "Vorobieva, Varvara"]
[Black "Fedotov, Alexey"]
[Result "0-1"]
[WhiteElo "1760"]
[BlackElo "2057"]
[PlyCount "76"]
[EventDate "2018.10.27"]
[EventType "swiss"]
[EventCountry "RUS"]
[WhiteTeam "Russland"]
[BlackTeam "Russland"]
[WhiteTeamCountry "RUS"]
[BlackTeamCountry "RUS"]

1. e4 c6 2. d4 d5 3. Nc3 dxe4 4. Nxe4 Nd7 5. Nf3 Ngf6 6. Ng3 e6 7. Bd3 c5 8. O-O cxd4 9. Nxd4 Bc5 10. Nf3 O-O 11. Qe2 b6 12. Bf4 Bb7 13. Ne5 Nxe5 14. Bxe5 Qd5 15. Qf3 Qxf3 16. gxf3 Bxf3 17. Bxf6 gxf6 18. Be4 Bxe4 19. Nxe4 Be7 20. Rad1 Rfd8 21. b3 f5 22. Ng3 b5 23. c4 bxc4 24. bxc4 Rac8 25. Rxd8+ Rxd8 26. Rc1 Bc5 27. Rc2 Kg7 28. Kg2 Kf6 29. Kf3 e5 30. Ke2 e4 31. f3 Ke5 32. Rb2 Rd4 33. fxe4 fxe4 34. Rc2 f5 35. Nf1 f4 36. Nd2 f3+ 37. Nxf3+ exf3+ 38. Kxf3 Rd3+ 0-1

[Event "Chigorin Memorial 2018"]
[Site "St. Petersburg"]
[Date "2018.10.28"]
[Round "2.110"]
[White "Ageeva, Vasilisa"]
[Black "Ofitserian, Armen"]
[Result "0-1"]
[WhiteElo "1745"]
[BlackElo "2055"]
[PlyCount "84"]
[EventDate "2018.10.27"]
[EventType "swiss"]
[EventCountry "RUS"]
[WhiteTeam "Russland"]
[BlackTeam "Russland"]
[WhiteTeamCountry "RUS"]
[BlackTeamCountry "RUS"]

1. e4 e5 2. Nc3 Nc6 3. Bc4 Bc5 4. d3 Nf6 5. f4 d6 6. h3 Na5 7. Nf3 Nxc4 8. dxc4 Qe7 9. fxe5 dxe5 10. Nd5 Qd6 11. Nxf6+ Qxf6 12. Bg5 Qd6 13. Nxe5 Bd4 14. Ng4 Qg3+ 15. Kf1 Bxg4 16. Qxd4 Be2+ 17. Kxe2 Qxg5 18. g4 O-O 19. Qd5 Qg6 20. Qf5 Qb6 21. b3 Rae8 22. Rad1 Re6 23. Rhf1 Qc6 24. Rd4 Qe8 25. Rfd1 Qe7 26. Ke3 Re8 27. c5 g6 28. Qd5 c6 29. Qc4 Qh4 30. Qf1 Qg5+ 31. Kd3 Qxc5 32. Qf4 Qe7 33. Re1 b6 34. b4 c5 35. bxc5 bxc5 36. Rd5 c4+ 37. Kd4 Qb4 38. Rd7 Qb2+ 39. c3 Qb6+ 40. Kxc4 Qc6+ 41. Kb3 Qxd7 42. Kb2 Qb7+ 0-1

[Event "Chigorin Memorial 2018"]
[Site "St. Petersburg"]
[Date "2018.10.28"]
[Round "2.111"]
[White "Rudovskii, Filipp"]
[Black "Serov, Aleksandr"]
[Result "0-1"]
[WhiteElo "2054"]
[BlackElo "1688"]
[PlyCount "55"]
[EventDate "2018.10.27"]
[EventType "swiss"]
[EventCountry "RUS"]
[WhiteTeam "Russland"]
[BlackTeam "Russland"]
[WhiteTeamCountry "RUS"]
[BlackTeamCountry "RUS"]

1. e4 c6 2. d4 d5 3. e5 Bf5 4. Nc3 e6 5. g4 Bg6 6. Nge2 c5 7. h4 f6 8. Nf4 Bf7 9. exf6 Nxf6 10. g5 cxd4 11. Qxd4 Nc6 12. Qa4 Nd7 13. Bb5 Qc7 14. Be3 d4 15. Bxd4 Qxf4 16. Bxc6 bxc6 17. Qxc6 Rd8 18. Nb5 Bb4+ 19. c3 O-O 20. cxb4 Ne5 21. Qc3 Qe4+ 22. Qe3 Qxh1+ 23. Ke2 Bh5+ 24. Kd2 Nf3+ 25. Kc3 Rc8+ 26. Kd3 Qxa1 27. Qxe6+ Bf7 28. Qe4 0-1

[Event "Chigorin Memorial 2018"]
[Site "St. Petersburg"]
[Date "2018.10.28"]
[Round "2.112"]
[White "Gurskiy, Dmitriy"]
[Black "Petrochenko, Maria"]
[Result "0-1"]
[WhiteElo "1701"]
[BlackElo "2054"]
[PlyCount "118"]
[EventDate "2018.10.27"]
[EventType "swiss"]
[EventCountry "RUS"]
[WhiteTeam "Russland"]
[BlackTeam "Russland"]
[WhiteTeamCountry "RUS"]
[BlackTeamCountry "RUS"]

1. e4 c5 2. Nf3 g6 3. c4 Nc6 4. d4 cxd4 5. Nxd4 Nf6 6. Nc3 Nxd4 7. Qxd4 d6 8. Be3 Bg7 9. f3 O-O 10. Qd2 a5 11. Be2 a4 12. O-O Be6 13. Rab1 Qa5 14. Rfc1 Rfc8 15. b3 axb3 16. axb3 Nd7 17. Bf1 Qb4 18. Nb5 Qxd2 19. Bxd2 f5 20. Bc3 fxe4 21. fxe4 Be5 22. Nd4 Bf7 23. Nf3 Bxc3 24. Rxc3 b5 25. Rbc1 b4 26. Re3 Rc5 27. e5 Nxe5 28. Nxe5 dxe5 29. Rce1 Raa5 30. g3 Be6 31. Bg2 Kg7 32. Be4 Ra3 33. Bg2 Raa5 34. Rd1 h5 35. h3 Bf5 36. Rd2 Kf6 37. g4 hxg4 38. hxg4 Bxg4 39. Bd5 Ra1+ 40. Kg2 e6 41. Bb7 Ra3 42. Kg3 Bf5 43. Kf2 Rc7 44. Bg2 g5 45. Rd6 Bc2 46. Bd5 Bf5 47. Rb6 Ra2+ 48. Kg3 Ra3 49. Kf2 g4 50. Bg2 Kg5 51. Rxb4 Kf4 52. Rc3 Ra2+ 53. Kg1 Ra1+ 54. Bf1 Rd7 55. Ra4 Rb1 56. c5+ e4 57. Ra2 g3 58. Kg2 Rdd1 59. Rxg3 Rxf1 0-1

[Event "Chigorin Memorial 2018"]
[Site "St. Petersburg"]
[Date "2018.10.28"]
[Round "2.113"]
[White "Gkogkas, Dimitrios"]
[Black "Patel, Palak"]
[Result "0-1"]
[WhiteElo "2047"]
[BlackElo "1672"]
[PlyCount "94"]
[EventDate "2018.10.27"]
[EventType "swiss"]
[EventCountry "RUS"]
[WhiteTeam "Griechenland"]
[BlackTeam "Indien"]
[WhiteTeamCountry "GRE"]
[BlackTeamCountry "IND"]

1. d4 d5 2. Nf3 e6 3. c4 c6 4. cxd5 exd5 5. Nc3 Nf6 6. Bg5 Nbd7 7. e3 Bd6 8. Bd3 h6 9. Bh4 O-O 10. O-O Re8 11. Qc2 a6 12. a4 Qa5 13. e4 Nxe4 14. Nxe4 dxe4 15. Bxe4 Nb6 16. Rfe1 Bg4 17. Ne5 Bxe5 18. dxe5 Kh8 19. f4 Nd5 20. h3 Be6 21. f5 Nb4 22. Qc3 Bd5 23. Bb1 c5 24. Bf2 Rac8 25. f6 Rg8 26. Qe3 Qb6 27. Qf4 Qe6 28. Bf5 Qc6 29. Rac1 b6 30. Bb1 Bxg2 31. Qf5 g6 32. Qf4 g5 33. Qf5 Rg6 34. Qg4 Bf3 35. Qg3 Rgg8 36. Re3 Bh5 37. e6 Nd5 38. exf7 Bxf7 39. Re7 Qxf6 40. Rd7 Nf4 41. Re1 Rce8 42. Rxe8 Rxe8 43. Kh2 Re2 44. Qf3 Qxb2 45. Qa8+ Kg7 46. Rxf7+ Kxf7 47. Qb7+ Re7 0-1

[Event "Chigorin Memorial 2018"]
[Site "St. Petersburg"]
[Date "2018.10.28"]
[Round "2.114"]
[White "Moskaleva, Arina"]
[Black "Sapegin, Yaroslav"]
[Result "0-1"]
[WhiteElo "1675"]
[BlackElo "2046"]
[PlyCount "46"]
[EventDate "2018.10.27"]
[EventType "swiss"]
[EventCountry "RUS"]
[WhiteTeam "Russland"]
[BlackTeam "Russland"]
[WhiteTeamCountry "RUS"]
[BlackTeamCountry "RUS"]

1. e4 e5 2. Nf3 Nc6 3. Bc4 Bc5 4. c3 Nf6 5. d4 exd4 6. cxd4 Bb4+ 7. Bd2 Bxd2+ 8. Nbxd2 d5 9. exd5 Nxd5 10. O-O O-O 11. Ne4 Bg4 12. Ng3 Bxf3 13. Qxf3 Nb6 14. Bd3 Qxd4 15. Rad1 Qxb2 16. Ne4 Qe5 17. Rfe1 Rae8 18. h3 Nd4 19. Qe3 f5 20. Qc1 fxe4 21. Rxe4 Qxe4 22. Bxe4 Ne2+ 23. Kh1 Nxc1 0-1

[Event "Chigorin Memorial 2018"]
[Site "St. Petersburg"]
[Date "2018.10.28"]
[Round "2.115"]
[White "Myshkovskiy, Sviatoslav"]
[Black "Archelkov, Arseniy"]
[Result "1-0"]
[WhiteElo "2046"]
[BlackElo "1657"]
[PlyCount "65"]
[EventDate "2018.10.27"]
[EventType "swiss"]
[EventCountry "RUS"]
[WhiteTeam "Russland"]
[BlackTeam "Kasachstan"]
[WhiteTeamCountry "RUS"]
[BlackTeamCountry "KAZ"]

1. d4 Nf6 2. c4 e6 3. Nc3 Bb4 4. Nf3 b6 5. Bg5 Bb7 6. Qb3 Qe7 7. e3 Bxc3+ 8. Qxc3 d6 9. Bd3 Nbd7 10. Qc2 c5 11. e4 cxd4 12. Nxd4 O-O 13. O-O Rfc8 14. Qe2 Ne5 15. f3 Nxd3 16. Qxd3 Rc5 17. Be3 a6 18. Nc2 Rcc8 19. Bxb6 d5 20. exd5 exd5 21. Rfe1 dxc4 22. Rxe7 cxd3 23. Nb4 Bc6 24. Ba5 Bb5 25. Rd1 Rc4 26. b3 Rd4 27. a4 d2 28. axb5 axb5 29. Nc2 Rc8 30. Nxd4 Rc1 31. Ree1 dxe1=R+ 32. Rxe1 Rxe1+ 33. Bxe1 1-0

[Event "Chigorin Memorial 2018"]
[Site "St. Petersburg"]
[Date "2018.10.28"]
[Round "2.116"]
[White "Atakishiev, Emil"]
[Black "Pogorelskikh, Sofia"]
[Result "1-0"]
[WhiteElo "1658"]
[BlackElo "2041"]
[PlyCount "137"]
[EventDate "2018.10.27"]
[EventType "swiss"]
[EventCountry "RUS"]
[WhiteTeam "Russland"]
[BlackTeam "Russland"]
[WhiteTeamCountry "RUS"]
[BlackTeamCountry "RUS"]

1. e4 c5 2. Nf3 d6 3. d4 cxd4 4. Nxd4 Nf6 5. Nc3 a6 6. Be3 e5 7. Nb3 Be6 8. f3 h5 9. Qd2 Nbd7 10. O-O-O g6 11. Kb1 Rc8 12. Bg5 Be7 13. g3 b5 14. a3 Qb6 15. h4 O-O 16. Bh3 Bxh3 17. Rxh3 a5 18. g4 b4 19. axb4 axb4 20. Nd5 Nxd5 21. Qxd5 Qf2 22. Qd2 Qxd2 23. Rxd2 hxg4 24. fxg4 f6 25. Bh6 Rf7 26. Be3 Rc4 27. Rg2 Rf8 28. Nd2 Rc6 29. h5 g5 30. b3 Ra8 31. Nc4 Bd8 32. Bd2 Nc5 33. Bxb4 Nxe4 34. Nd2 Rb8 35. Nxe4 Rxb4 36. Rc3 Rxc3 37. Nxc3 Rd4 38. Ne2 Rd2 39. Kc1 Ba5 40. Nf4 Rd4 41. Ne2 Re4 42. Kb2 Bb6 43. c4 Re3 44. Ng3 e4 45. Nf5 Rf3 46. Re2 e3 47. Kc3 Rf2 48. Kd3 Rf4 49. Ne7+ Kf7 50. Nd5 Rd4+ 51. Kc3 Ba7 52. Nxe3 Re4 53. Kd2 Bxe3+ 54. Rxe3 Rxg4 55. Rd3 Ke6 56. Rh3 Kf7 57. h6 Kg8 58. Rd3 Rg2+ 59. Kc3 f5 60. Rxd6 f4 61. c5 Rg3+ 62. Kc2 Rg2+ 63. Rd2 f3 64. c6 f2 65. c7 f1=Q 66. c8=Q+ Kh7 67. Qd7+ Kxh6 68. Qh3+ Kg6 69. Rxg2 1-0

[Event "Chigorin Memorial 2018"]
[Site "St. Petersburg"]
[Date "2018.10.28"]
[Round "2.117"]
[White "Babanin, Gleb"]
[Black "Kudin, Alexander"]
[Result "1-0"]
[WhiteElo "2037"]
[BlackElo "1654"]
[PlyCount "67"]
[EventDate "2018.10.27"]
[EventType "swiss"]
[EventCountry "RUS"]
[WhiteTeam "Russland"]
[BlackTeam "Russland"]
[WhiteTeamCountry "RUS"]
[BlackTeamCountry "RUS"]

1. e4 e5 2. Nf3 Nc6 3. Bb5 a6 4. Ba4 d6 5. O-O Bg4 6. h3 Bh5 7. c3 Nf6 8. d4 b5 9. d5 Na5 10. Bc2 Be7 11. Nbd2 O-O 12. Re1 Re8 13. b4 Nb7 14. Nf1 Rc8 15. Ng3 Bg6 16. a4 c5 17. Be3 Qc7 18. axb5 axb5 19. Bd3 c4 20. Bc2 Ra8 21. Qe2 Nd7 22. Nd2 Nb6 23. Qg4 Nxd5 24. exd5 Bxc2 25. f4 exf4 26. Bd4 Bg6 27. Nf5 Bf8 28. Rxa8 Rxa8 29. Ne4 Qc8 30. Nh6+ gxh6 31. Nf6+ Kh8 32. Re8 Qxg4 33. Nxg4+ Kg8 34. Nxh6# 1-0

[Event "Chigorin Memorial 2018"]
[Site "St. Petersburg"]
[Date "2018.10.28"]
[Round "2.118"]
[White "Shemyakinskiy, Nikita"]
[Black "Efremov, Vladislav"]
[Result "0-1"]
[WhiteElo "1655"]
[BlackElo "2035"]
[PlyCount "100"]
[EventDate "2018.10.27"]
[EventType "swiss"]
[EventCountry "RUS"]
[WhiteTeam "Russland"]
[BlackTeam "Russland"]
[WhiteTeamCountry "RUS"]
[BlackTeamCountry "RUS"]

1. d4 Nf6 2. Nf3 e6 3. g3 c5 4. Bg2 Nc6 5. c3 d5 6. O-O Bd6 7. Nbd2 O-O 8. Re1 Qc7 9. e4 cxd4 10. cxd4 dxe4 11. Nxe4 Nxe4 12. Rxe4 Ne7 13. Bd2 Ng6 14. Bc3 b5 15. Nh4 Bb7 16. Nxg6 hxg6 17. Re1 Bxg2 18. Kxg2 Rac8 19. Rc1 Qb6 20. Qd3 Rfd8 21. Bd2 Rxc1 22. Rxc1 Be5 23. Be3 Bxd4 24. Bxd4 Rxd4 25. Rc8+ Kh7 26. Qf3 Rd8 27. Rxd8 Qxd8 28. Qa3 Qc7 29. Qe3 Qc6+ 30. Kg1 a6 31. a3 f6 32. h4 e5 33. Qd2 Qe4 34. Qa5 Qb1+ 35. Kg2 Qxb2 36. Qxa6 e4 37. Kg1 Qa1+ 38. Kg2 b4 39. Qc4 bxa3 40. Qxe4 Qe5 41. Qc2 Qd5+ 42. Kh2 a2 43. Qb2 Qa5 44. Qa1 Qa7 45. Kg1 Qa3 46. Kh2 Qb3 47. h5 g5 48. Qe1 Qb1 49. Qe8 a1=Q 50. h6 Qh1# 0-1

[Event "Chigorin Memorial 2018"]
[Site "St. Petersburg"]
[Date "2018.10.28"]
[Round "2.119"]
[White "Shapar, Tatiana"]
[Black "Tsarkov, Mikhail"]
[Result "1-0"]
[WhiteElo "2034"]
[BlackElo "1650"]
[PlyCount "61"]
[EventDate "2018.10.27"]
[EventType "swiss"]
[EventCountry "RUS"]
[WhiteTeam "Russland"]
[BlackTeam "Russland"]
[WhiteTeamCountry "RUS"]
[BlackTeamCountry "RUS"]

1. e4 c6 2. d4 d5 3. Nd2 dxe4 4. Nxe4 Bf5 5. Ng3 Bg6 6. h4 h6 7. Nf3 Nd7 8. h5 Bh7 9. Bd3 Bxd3 10. Qxd3 e6 11. Bd2 Ngf6 12. O-O-O Bd6 13. Kb1 Qc7 14. Ne4 Nxe4 15. Qxe4 Nf6 16. Qe2 O-O-O 17. c4 c5 18. Bc3 Rhe8 19. Rd3 Kb8 20. Rhd1 cxd4 21. Bxd4 Ka8 22. Ne5 Bxe5 23. Bxe5 Qa5 24. Bd4 Rc8 25. Bxa7 Qf5 26. Bb6 Nd7 27. g4 Qh7 28. Qc2 Qxd3 29. Qxd3 Nxb6 30. Qa3+ Kb8 31. Qd6+ 1-0

[Event "Chigorin Memorial 2018"]
[Site "St. Petersburg"]
[Date "2018.10.28"]
[Round "2.120"]
[White "Zakharov, Yuri"]
[Black "Tsapalin, Sergey"]
[Result "0-1"]
[WhiteElo "1650"]
[BlackElo "2032"]
[PlyCount "51"]
[EventDate "2018.10.27"]
[EventType "swiss"]
[EventCountry "RUS"]
[WhiteTeam "Russland"]
[BlackTeam "Russland"]
[WhiteTeamCountry "RUS"]
[BlackTeamCountry "RUS"]

1. Nf3 f5 2. d4 Nf6 3. c4 g6 4. Nc3 Bg7 5. g3 d6 6. Qb3 Nc6 7. e3 e5 8. d5 Ne7 9. Bg2 h6 10. Qc2 g5 11. b3 O-O 12. Bb2 Ng6 13. O-O-O e4 14. Nd4 Ne5 15. Bf1 Qe7 16. Be2 a6 17. Rdf1 g4 18. a4 c5 19. dxc6 bxc6 20. Qd1 Rb8 21. c5 dxc5 22. Ba3 Qa7 23. Nxc6 Nxc6 24. Bc4+ Kh7 25. Qd6 Nb4 26. Rd1 0-1

[Event "Chigorin Memorial 2018"]
[Site "St. Petersburg"]
[Date "2018.10.28"]
[Round "2.121"]
[White "Dmitriev, Vladimir"]
[Black "Lekhtonen, Yaroslav"]
[Result "1-0"]
[WhiteElo "2031"]
[BlackElo "1639"]
[PlyCount "47"]
[EventDate "2018.10.27"]
[EventType "swiss"]
[EventCountry "RUS"]
[WhiteTeam "Russland"]
[BlackTeam "Russland"]
[WhiteTeamCountry "RUS"]
[BlackTeamCountry "RUS"]

1. e4 c5 2. Nc3 Nc6 3. g3 g6 4. Bg2 Bg7 5. Nge2 e6 6. d3 Nge7 7. Be3 d6 8. Qd2 Rb8 9. Bh6 Bf6 10. a4 Nd4 11. O-O b6 12. Rae1 Bb7 13. f4 Ng8 14. Bg5 Bxg5 15. fxg5 h6 16. Nxd4 cxd4 17. Qf4 Qd7 18. Nb5 e5 19. Nxd6+ Qxd6 20. Qxf7+ Kd8 21. Qg7 Bc6 22. Qxh8 Kc7 23. Qg7+ Ne7 24. Rf7 1-0

[Event "Chigorin Memorial 2018"]
[Site "St. Petersburg"]
[Date "2018.10.28"]
[Round "2.122"]
[White "Soloviev, Mikhail"]
[Black "Nikitinyh, Boris"]
[Result "0-1"]
[WhiteElo "1636"]
[BlackElo "2031"]
[PlyCount "90"]
[EventDate "2018.10.27"]
[EventType "swiss"]
[EventCountry "RUS"]
[WhiteTeam "Russland"]
[BlackTeam "Russland"]
[WhiteTeamCountry "RUS"]
[BlackTeamCountry "RUS"]

1. d4 Nf6 2. Nf3 g6 3. c4 Bg7 4. Nc3 O-O 5. e4 d6 6. Be2 Nc6 7. O-O Re8 8. d5 Nb4 9. a3 Na6 10. Rb1 Nc5 11. Qc2 Ncxe4 12. Nxe4 Nxe4 13. Bd3 Nc5 14. Ne1 Nxd3 15. Nxd3 e5 16. Be3 Bd7 17. Qd2 f5 18. Bg5 Bf6 19. Bxf6 Qxf6 20. b4 Re7 21. Rfe1 Rae8 22. c5 Bb5 23. Nb2 e4 24. a4 Bd7 25. cxd6 cxd6 26. b5 f4 27. Nc4 Rc8 28. Rbc1 b6 29. Qb2 Qxb2 30. Nxb2 Rxc1 31. Rxc1 Re5 32. Rc7 Bf5 33. Rxa7 Rxd5 34. h3 Rc5 35. Rb7 Rc2 36. Rxb6 Rxb2 37. a5 e3 38. fxe3 fxe3 39. a6 Rb1+ 40. Kh2 e2 41. a7 Be4 42. Rb8+ Kg7 43. b6 Rh1+ 44. Kxh1 e1=Q+ 45. Kh2 Qf2 0-1

[Event "Chigorin Memorial 2018"]
[Site "St. Petersburg"]
[Date "2018.10.28"]
[Round "2.123"]
[White "Vorobyova, Valeriya"]
[Black "Myslevsky, Fedor"]
[Result "1-0"]
[WhiteElo "2030"]
[BlackElo "1617"]
[PlyCount "77"]
[EventDate "2018.10.27"]
[EventType "swiss"]
[EventCountry "RUS"]
[WhiteTeam "Russland"]
[BlackTeam "Russland"]
[WhiteTeamCountry "RUS"]
[BlackTeamCountry "RUS"]

1. e4 c5 2. Nf3 d6 3. d4 cxd4 4. Nxd4 Nf6 5. Nc3 a6 6. Bg5 e6 7. f4 Qb6 8. Qd2 Qxb2 9. Nb3 Qa3 10. Bxf6 gxf6 11. Be2 Qb4 12. O-O Qb6+ 13. Kh1 Bg7 14. f5 Ke7 15. Nd4 Nc6 16. Nf3 Qc5 17. Rad1 b5 18. e5 d5 19. fxe6 fxe6 20. exf6+ Bxf6 21. Nb1 Bd7 22. Qh6 Raf8 23. Bd3 Kd8 24. Nbd2 Qe7 25. Qe3 Kc7 26. a4 Rb8 27. axb5 axb5 28. Rb1 b4 29. Nb3 e5 30. Nc5 e4 31. Na6+ Kb7 32. Bb5 exf3 33. Qxf3 Nd4 34. Qxd5+ Bc6 35. Bxc6+ Kxa6 36. Ra1+ Kb6 37. Qc4 Qe6 38. Ra6+ Kc7 39. Bd5+ 1-0

[Event "Chigorin Memorial 2018"]
[Site "St. Petersburg"]
[Date "2018.10.28"]
[Round "2.124"]
[White "Cherneyko, Ivan"]
[Black "Lazhevskaya, Zhanni"]
[Result "0-1"]
[WhiteElo "1628"]
[BlackElo "2029"]
[PlyCount "50"]
[EventDate "2018.10.27"]
[EventType "swiss"]
[EventCountry "RUS"]
[WhiteTeam "Russland"]
[BlackTeam "Russland"]
[WhiteTeamCountry "RUS"]
[BlackTeamCountry "RUS"]

1. d4 Nf6 2. Nf3 b6 3. Bf4 e6 4. e3 Be7 5. a3 Bb7 6. Bd3 O-O 7. O-O c5 8. Nbd2 Nh5 9. Bxb8 Rxb8 10. c4 Nf6 11. Rb1 d5 12. Qe2 Ne4 13. Rfc1 Nxd2 14. Qxd2 dxc4 15. Rxc4 b5 16. Rxc5 Bxc5 17. dxc5 Bxf3 18. gxf3 Qg5+ 19. Kf1 Qxc5 20. Ke2 Rbc8 21. Qa5 Qd6 22. Qxb5 Qxh2 23. Rd1 Rb8 24. Qc5 Rxb2+ 25. Bc2 Qb8 0-1

[Event "Chigorin Memorial 2018"]
[Site "St. Petersburg"]
[Date "2018.10.28"]
[Round "2.125"]
[White "Kiseleva, Arina"]
[Black "Shceglov, Mikhail"]
[Result "1-0"]
[WhiteElo "2027"]
[BlackElo "1612"]
[PlyCount "59"]
[EventDate "2018.10.27"]
[EventType "swiss"]
[EventCountry "RUS"]
[WhiteTeam "Russland"]
[BlackTeam "Russland"]
[WhiteTeamCountry "RUS"]
[BlackTeamCountry "RUS"]

1. Nf3 Nf6 2. d4 g6 3. Nbd2 d5 4. e3 Bg7 5. Bd3 O-O 6. O-O Bg4 7. h3 Bxf3 8. Nxf3 Nbd7 9. c4 c5 10. b3 Re8 11. Bb2 e6 12. Qe2 Qb6 13. Rfd1 Rac8 14. Rac1 Red8 15. Ne5 Nxe5 16. dxe5 Nd7 17. f4 Nb8 18. cxd5 exd5 19. Kh1 Nc6 20. e4 Nb4 21. exd5 Nxd5 22. Qe4 Bh6 23. g3 Qe6 24. Kh2 Rc7 25. Bc4 Rcd7 26. Rc2 Qc6 27. Qe2 a6 28. Rcd2 Nb6 29. e6 Nxc4 30. Rxd7 1-0

[Event "Chigorin Memorial 2018"]
[Site "St. Petersburg"]
[Date "2018.10.28"]
[Round "2.126"]
[White "Isfandiyarli, Kamal"]
[Black "Solomin, Maxim"]
[Result "0-1"]
[WhiteElo "1597"]
[BlackElo "2025"]
[PlyCount "120"]
[EventDate "2018.10.27"]
[EventType "swiss"]
[EventCountry "RUS"]
[WhiteTeam "Aserbeidschan"]
[BlackTeam "Russland"]
[WhiteTeamCountry "AZE"]
[BlackTeamCountry "RUS"]

1. d4 Nf6 2. c4 e6 3. a3 d5 4. cxd5 exd5 5. Nc3 Be7 6. Bg5 c6 7. Qc2 O-O 8. e3 Re8 9. Bd3 Nbd7 10. Nf3 Ne4 11. Bxe7 Qxe7 12. O-O Nf8 13. Bxe4 dxe4 14. Nd2 f5 15. b4 Be6 16. f3 exf3 17. Nxf3 Ng6 18. Rfe1 Rad8 19. Rad1 Qf6 20. Na4 Bd5 21. Nc5 Re7 22. Qf2 Rde8 23. Nd3 Bxf3 24. Qxf3 f4 25. exf4 Qxd4+ 26. Kf1 Rxe1+ 27. Rxe1 Rxe1+ 28. Kxe1 Qc3+ 29. Kf2 Qxa3 30. Qe2 Nf8 31. Qc2 Nd7 32. Qc4+ Kf8 33. Ke2 Qa1 34. Qe6 Qd4 35. Qf5+ Ke7 36. Qxh7 Kd6 37. Qf5 b6 38. g4 c5 39. bxc5+ bxc5 40. Nf2 c4 41. Ne4+ Kc6 42. Qe6+ Kb5 43. Nc3+ Kc5 44. Qe7+ Kb6 45. Qb4+ Kc6 46. Qa4+ Kb7 47. Qb5+ Nb6 48. Qe5 Qxe5+ 49. fxe5 Kc6 50. h4 Nd7 51. e6 Nf6 52. g5 Nh5 53. Kf3 Kd6 54. Nb5+ Kxe6 55. Nxa7 Kf5 56. Nb5 Ke5 57. Kg4 g6 58. Kf3 Ng7 59. Nc3 Kd4 60. Ne2+ Kd3 0-1

[Event "Chigorin Memorial 2018"]
[Site "St. Petersburg"]
[Date "2018.10.28"]
[Round "2.127"]
[White "Osipov, Aleksandr"]
[Black "Vetokhina, Sofia"]
[Result "0-1"]
[WhiteElo "2021"]
[BlackElo "1595"]
[PlyCount "114"]
[EventDate "2018.10.27"]
[EventType "swiss"]
[EventCountry "RUS"]
[WhiteTeam "Russland"]
[BlackTeam "Russland"]
[WhiteTeamCountry "RUS"]
[BlackTeamCountry "RUS"]

1. d4 Nf6 2. c4 g6 3. Nc3 Bg7 4. g3 O-O 5. Bg2 d6 6. Nf3 c5 7. O-O Nc6 8. d5 Na5 9. Qd3 e6 10. e4 exd5 11. cxd5 Re8 12. Re1 Nd7 13. Be3 a6 14. a4 Qc7 15. Rad1 c4 16. Qc2 Nc5 17. Nd4 Bd7 18. Rf1 Rac8 19. f4 Nab3 20. Nxb3 cxb3 21. Qf2 f5 22. exf5 Bxf5 23. Qd2 Bc2 24. Rc1 Qa5 25. Bh3 Nxa4 26. Nxa4 Qxa4 27. Bxc8 Rxe3 28. Rce1 Rxe1 29. Qxe1 Qd4+ 30. Rf2 Qd1 31. Qxd1 Bxd1 32. Kf1 Bc2 33. Ke1 Bxb2 34. Kd2 Bd4 35. Re2 Bb1 36. Bxb7 b2 37. Bxa6 Bf5 38. Bd3 Bxd3 39. Kxd3 b1=Q+ 40. Kxd4 Qd1+ 41. Ke3 Qxd5 42. Rd2 Qc5+ 43. Ke4 Qc4+ 44. Rd4 Qe6+ 45. Kf3 Kf7 46. h4 Kf6 47. g4 h5 48. g5+ Kf5 49. Rb4 Qd5+ 50. Ke3 Kg4 51. f5+ Kxf5 52. Rf4+ Ke5 53. Rf6 Qe4+ 54. Kd2 d5 55. Rf8 Qxh4 56. Re8+ Kd4 57. Re2 Qxg5+ 0-1

[Event "Chigorin Memorial 2018"]
[Site "St. Petersburg"]
[Date "2018.10.28"]
[Round "2.129"]
[White "Gagare, Shalmali"]
[Black "Badazhkov, Egor"]
[Result "1-0"]
[WhiteElo "2013"]
[BlackElo "1581"]
[PlyCount "59"]
[EventDate "2018.10.27"]
[EventType "swiss"]
[EventCountry "RUS"]
[WhiteTeam "Indien"]
[BlackTeam "Russland"]
[WhiteTeamCountry "IND"]
[BlackTeamCountry "RUS"]

1. d4 d5 2. c4 e6 3. Nf3 Be7 4. Nc3 Nf6 5. Bf4 O-O 6. e3 c6 7. Bd3 Nbd7 8. O-O b6 9. Qe2 dxc4 10. Bxc4 c5 11. Rfd1 Bb7 12. Ne5 Qc8 13. Rac1 Nxe5 14. dxe5 Qc6 15. f3 Nh5 16. Bb5 Qc8 17. Ne4 Nxf4 18. exf4 Rd8 19. Rxd8+ Bxd8 20. Rd1 Bd5 21. Nc3 Bc6 22. Bxc6 Qxc6 23. Rd6 Qe8 24. Ne4 Be7 25. Rd2 Rd8 26. Nd6 Qc6 27. Qd1 Bxd6 28. exd6 Rd7 29. Qe2 Rxd6 30. Qe5 1-0